000 00794nam a2200313Ia 4500
008 171120s9999 xx 000 0 und d
020 _a9.7816063106e+012
050 _a398.4
050 _bK298 2009
100 _aKelly, Sophia
245 _aWhat a beast! /
245 _cby Sophia Kelly.
260 _aUSA :
260 _bScholastic Inc.,
260 _c2009
300 _a128 pages :
300 _bcolor illustrations ;
300 _c23cm.
440 _aMythlopedia.
500 _aIncludes bibliographic reference and index.
650 _aMonsters --
650 _aMonsters --
650 _aMythology, Greek --
650 _xEncyclopedias, Juvenile.
650 _xEncyclopedias, Juvenile.
650 _xEncyclopedias.
700 _aSeries.
700 _aTitle.
999 _c345093
_d345093